| 000 | 00966nam a2200277 c 4500 | ||
|---|---|---|---|
| 003 | DO-SdBNP | ||
| 005 | 20240904102408.0 | ||
| 007 | ta | ||
| 008 | 240904b2005 dr ||||| |||| 00| 0 spa d | ||
| 020 | _a9993477877 | ||
| 040 |
_aDO-SdBNP _bspa _cBNPHU _erda |
||
| 082 | 4 | _222 | |
| 100 |
_aArvelo, Tulio H., _eautor _4aut. _952435 |
||
| 245 | 1 | 0 |
_aNuestras luchas civiles 1844-1965 / _cTulio H. Arvelo ; prólogo, Enma Tavárez Justo ; edición, Franklin Franco |
| 264 | 4 |
_aSanto Domingo : _bEditora Universitaria-UASD, _c@2005. |
|
| 300 |
_a300 páginas ; _c21 cm. |
||
| 336 |
_atexto _btxt _2rdacontent |
||
| 337 |
_asin mediación _bn _2rdamedia |
||
| 338 |
_avolumen _bnc _2rdacarrier |
||
| 490 |
_aPublicaciones de la Universidad Autónoma de Santo Domingo _v1,516 |
||
| 590 | _aInventariado, 2024/BT | ||
| 700 | 1 |
_aTavárez Justo, Enma, _eprologista _4pról. _986518 |
|
| 700 | 1 |
_aFranco, Franklin, _4ed. _eeditor _934451 |
|
| 910 | _aBtavárez | ||
| 942 |
_2ddc _cLBS1 |
||
| 999 |
_c57621 _d57621 |
||